书目信息 |
| 题名: |
雯内-米勒会计学原理
|
|
| 作者: | 约翰逊 , 金屈莱 著 ;上海财经大学会计学系 译 | |
| 分册: | ||
| 出版信息: | 上海 上海人民出版社 1989.12 |
|
| 页数: | 844页 | |
| 开本: | 20cm | |
| 丛书名: | ||
| 单 册: | ||
| 中图分类: | F230 | |
| 科图分类: | 29.803 | |
| 主题词: | 会计 | |
| 电子资源: | ||
| ISBN: | 7-208-00400-5 | |
| 000 | 00836nam0 2200265 450 | |
| 001 | 0190021398 | |
| 005 | 20100712224023.0 | |
| 010 | @a7-208-00400-5@dCNY14.75 | |
| 011 | @a7-208-00400-5 | |
| 100 | @a19921223d1989 em y0chiy0110 ea | |
| 101 | 1 | @achi@ceng |
| 102 | @aCN@b310000 | |
| 105 | @ay z 000yy | |
| 106 | @ar | |
| 200 | 1 | @a雯内-米勒会计学原理@9Wen Nei - Mi Le;Lei Hui;Kuai Ji Xue Yuan Li @f( )约翰逊,( )金屈莱著@g上海财经大学会计学系《会计译丛》小组译 |
| 210 | @a上海@c上海人民出版社@d1989.12 | |
| 215 | @a844页@d20cm | |
| 606 | 0 | @a会计 |
| 690 | @aF230@v三版 | |
| 692 | @a29.803 | |
| 701 | 0 | @a约翰逊@9yue han xun@4著 |
| 701 | 0 | @a金屈莱@9jin qu lai@4著 |
| 711 | 02 | @a上海财经大学会计学系@9shang hai cai jing da xue kuai ji xue xi@4译 |
| 801 | 0 | @aCN@b91MARC@c20130904 |
| 905 | @aBZT@dF230@e2695@f1@sF230/2695 | |
| 雯内-米勒会计学原理/( )约翰逊,( )金屈莱著/上海财经大学会计学系《会计译丛》小组译.-上海:上海人民出版社,1989.12 |
| 844页;20cm |
| ISBN 7-208-00400-5:CNY14.75 |
| ● |
| 相关链接 |
|
|
|
正题名:雯内-米勒会计学原理
索取号:F230/2695
 
预约/预借
| 序号 | 登录号 | 条形码 | 馆藏地/架位号 | 状态 | 备注 |
| 1 | 2000143124 | 2000143124 | 旧书回溯/ [索取号:F230/2695] | 在馆 |